Victory / (Record no. 8024)
[ view plain ]
| 000 -LEADER | |
|---|---|
| fixed length control field | 00677nam a2200253 a 4500 |
| 001 - CONTROL NUMBER | |
| JCCL Control Number | 8024 |
| 003 - CONTROL NUMBER IDENTIFIER | |
| JCCL marc code | BD - JhCC |
| 005 - DATE AND TIME OF LATEST TRANSACTION | |
| control field | 20180717091823.0 |
| 008 - FIXED-LENGTH DATA ELEMENTS--GENERAL INFORMATION | |
| fixed length control field | 880808s1948 enk 000 1 eng d |
| 035 ## - SYSTEM CONTROL NUMBER | |
| system control number | oxf98005726 |
| 035 ## - SYSTEM CONTROL NUMBER | |
| system control number | (BD - JhCC)8024 |
| 040 ## - CATALOGING SOURCE | |
| Original cataloging agency | FXG |
| Transcribing agency | FXG |
| Modifying agency | m.c |
| -- | BD - JhCC |
| 041 ## - LANGUAGE CODE | |
| Language code of Book | eng |
| 050 14 - LIBRARY OF CONGRESS CALL NUMBER | |
| Classification number | PR6005.O4 |
| Item number | V4 1948 |
| 082 ## - DEWEY DECIMAL CLASSIFICATION NUMBER | |
| Author mark and Year | CON 1948 |
| 100 1# - MAIN ENTRY--PERSONAL NAME | |
| Personal name | Conrad, Joseph, |
| Dates associated with a name | 1857-1924. |
| 245 10 - TITLE STATEMENT | |
| Title | Victory / |
| Statement of responsibility, etc | by Joseph Conrad. |
| 260 ## - PUBLICATION, DISTRIBUTION, ETC. (IMPRINT) | |
| Place of publication, distribution, etc | London : |
| Name of publisher, distributor, etc | Dent, |
| Date of publication, distribution, etc | 1948. |
| 300 ## - PHYSICAL DESCRIPTION | |
| Pagination | xvii, 412 p. : |
| Other physical details | map ; |
| Dimensions | 19 cm. |
| 490 1# - SERIES STATEMENT | |
| Series statement | Collected edition of the works of Joseph Conrad |
| 500 ## - GENERAL NOTE | |
| General note | First published 1915. |
| 942 ## - ADDED ENTRY ELEMENTS (KOHA) | |
| Source of classification or shelving scheme | Dewey Decimal Classification |
| Koha item type | Books |
| Source of classification or shelving scheme | Damaged status | Not for loan | Home library | Current library | Shelving location | Total Checkouts | Full call number | Barcode | Date last seen | Copy number | Koha item type |
|---|---|---|---|---|---|---|---|---|---|---|---|
| Dewey Decimal Classification | JCC Rouf Library | JCC Rouf Library | General Stacks | 823.912 CON 1948 | 9224 | 02/17/2018 | C - 1 | Books |